000 01689nam a22002655i 4500
001 159699
003 ES-MaACL
005 20250807123459.0
008 981110q1862 sp |||| | spa d
100 1 _aMilton, John (
_d1608-1674)
_981300
240 1 0 _aParadise lost.
_lEspañol
245 1 3 _aEl paraíso perdido /
_cMilton ; traducción en verso por J. de Escoiquiz ; precedida de una sucinta biografía de Milton por Lamartine y de un estudio histórico y literario acerca del mismo por Chateaubriand ; traducidos aquélla y éste por Juan Cortada ; adornan esta obra 24 láminas magníficas, y de un mérito indisputable, grabadas en acero por grandes artistas.
260 _aBarcelona :
_bLibrería de José Ribet ;
_aParís :
_bCasa los SS. Rosa y Bouret ;
_aMadrid :
_bLibrería de Emilio Font,
_c[ca. 1862]
300 _aIV, 223, XXVI, [1] p., 24 h. de lám. ;
_c57 cm.
510 4 _aPalau, IX, 169334 da como fecha probable para esta ed. ca. 1862.
597 _aTexto a dos col.
599 _aLám.: grab. calc. "Flatters pinxt., Delaistre sculp.", "Pelée sculp.", retrato de Lamartine, "Girodet pinxit, Gaillard del. et sc.", retrato de Chateaubriand, "Sixdeniers sculpt", retrato de Milton. El resto, incluída la primera, son alegóricas: "Flatters, Mélin, Bernouville [etc.]"
600 1 4 _aMilton, John (
_d1608-1674)
_981300
700 1 _aEscoiquiz, Juan de (
_d1762-1820)
_947589
700 1 _aLamartine, Alphonse de,
_d1790-1869
_969776
700 1 _aChateaubriand, François-René,
_cvicomte de,
_d1768-1848
_938177
700 1 _aCortada, Juan (
_d1805-1868)
_9149955
852 _aES-MaACL
_jB-6726
_z- Enc. tela
999 _c159699
_d159699